000 00450nam a2200145 a 4500
001 000036027
005 20200930074819.0
008 111123s2004 dr ac 000 0 spa d
040 _aDO-SdBNP
_bspa
_cBNPHU
082 _axxxx
_bE74
100 1 _aEscolar Arévalo, Mercedes
_953400
245 1 0 _aArtesania joven con el desarrollo. /
_cMercedes Escolar Arévalo.
260 _aSanto Domingo :
_bADEMI :
_bUNESCO,
_c[19--?].
300 _a22 p. :
_bils., retr.
999 _c35518
_d35518